| 000 | 00542nam a2200205 a 4500 | ||
|---|---|---|---|
| 001 | BRCA_6097 | ||
| 005 | 20190320205331.0 | ||
| 008 | 220611s1896----fr-#######---#000-1#fre-# | ||
| 041 | _afre | ||
| 044 | _afr | ||
| 050 | 4 |
_aPQ2186 _b.B35 _c1896 |
|
| 100 | 1 |
_aBalzac, Honore de _d1799-1850 _915417 |
|
| 245 | 1 | 0 |
_aLa père Goriot _bscenes de la vie parisienne _cHonore de Balzac |
| 260 |
_aParís _bCalmann-Levy _c1896 |
||
| 300 |
_a346 p. _c18 cm. |
||
| 500 | _aI21 | ||
| 651 | 4 |
_aLiteratura francesa _915418 |
|
| 902 | _aGFM | ||
| 942 |
_2lcc _cB |
||
| 999 |
_c5784 _d5784 |
||